000 00665nam a2200253Ia 4500
003 OSt
005 20221006160823.0
006 a|||||r|||| 00| 0
007 ta
008 221006b |||||||| |||| 00| 0 eng d
020 _a9780745663852
_cf 90.00
024 _a46,480
037 _cTextual
040 _aEASL
_cEASL
_beng
041 _2eng
_aeng
082 _aW.41.P1, Q5
100 _aWRIGHT Teresa
_9656729
245 0 _aParty and state in post-MAO China
260 _aUK
_bPolity Press
_c2015
300 _a221p.
_ccm.
490 _v CEL
_aChina Today
942 _hW.41.P1, Q5
_cTEXL
_2CC
999 _c1114570
_d1114570